Elements of Life - Statistics

General Stats
  • This quiz has been taken 83 times
  • The average score is 5 of 6
Answer Stats
Hint Answer % Correct
Most abundant element in the Universe hydrogen
94%
Leads to rust Oxygen
90%
Used in pencils carbon
83%
Used for cryopreservation Nitrogen
79%
Of yellow Color Sulfur
71%
Was once used in Matches Phosphorus
49%
No matching quizzes found
Score Distribution
Percent of People with Each Score
Percentile by Number Answered
Your Score History
You have not taken this quiz